В полоні зла (Запис № 580691)
[ простий вигляд ]
| 000 -Лідер | |
|---|---|
| fixed length control field | 02315 a2200253 4500 |
| 003 - Ідентифікатор контрольного номера | |
| control field | UA-OsUOA |
| 005 - Дата та час останнього входження (трансакції) | |
| control field | 20260511135835.0 |
| 008 - Елементи даних фіксованої довжини – загальна інформація | |
| fixed length control field | 260511b un ||||| |||| 00| fdukr d |
| 020 ## - Міжнародний стандартний книжковий номер (ISBN) | |
| Міжнародний стандартний книжковий номер (ISBN) (НП) | 9960203853 |
| 040 ## - Джерело каталогізації | |
| Агенція оригінальної каталогізації | UA-OsUOA |
| Мова каталогізації | ukr |
| Агенція, яка здійснювала перезапис | UA-OsUOA |
| Агенція, яка здійснювала модифікацію | UA-OsUOA |
| 041 ## - Код мови | |
| Код мови тексту/ звукової доріжки чи окремого заголовка (П) | ukr |
| 080 ## - Індекс Універсальної десяткової класифікації | |
| Індекс Універсальної десяткової класифікації (УДК) (НП) | 82-94:929 |
| 090 ## - Локальний шифр розміщення | |
| Класифікаційний індекс УДК | 82-94:929 |
| Авторський знак (НП) | М32 |
| 100 ## - Основне введення – ім’я особи | |
| Ім’я особи (НП) | Масютко М. |
| 9 (RLIN) | 25210 |
| 245 ## - Відомості про назву | |
| Назва (НП) | В полоні зла |
| Решта назви (НП) | мемуарна поема |
| 260 ## - Публікація, розповсюдження і т.п. (Вихідні дані) | |
| Місце публікації, розповсюдження і т.п. (П) | Львів |
| Ім’я/ наймення видавництва, розповсюджувача і т.п. (П) | Місіонер |
| Дата публікації, розповсюдження і т.п. (П) | 1999 |
| 300 ## - Фізичний опис | |
| Обсяг | 606 с. |
| 520 ## - Резюме і т.п. | |
| Резюме, реферат, анотація, тощо (НП) | «В полоні зла» — це сповідально-документальна поема, написана видатним дисидентом і правозахисником Михайлом Масютком. <br/>Твір є художньо-філософським осмисленням трагічного досвіду перебування автора в радянських концтаборах Мордовії у 1960-х роках.<br/>Через призму власної долі автор змальовує, жорстокість системи, реалії табірного побуту та методи придушення людської гідності. Інтелектуальний та моральний опір української інтелігенції тоталітарному режиму. Пошук сенсу боротьби, природа добра і зла, а також віра у відродження української нації. Поема написана у класичній віршованій формі, що поєднує гостру публіцистичність із глибоким ліризмом, і є цінним історичним свідченням епохи «шістдесятництва». |
| 650 ## - Додаткове предметне введення – тематичний термін | |
| Тематичний термін чи географічна назва, як елемент введення (НП) | 82-94 Історія як літературний жанр. Історичні твори. Історіографія. Хроніки. Аннали, літописи. Мемуари. Спогади. Щоденники. Біографії. Автобіографії |
| 9 (RLIN) | 2061 |
| 700 1# - Додаткове введення – ім'я особи | |
| Ім’я особи (НП) | Черкас-Масютко В. |
| Термін відношення | худ. |
| 9 (RLIN) | 25211 |
| 942 ## - Додаткові елементи входу (Коха) | |
| Тип елемента Koha | Книги |
| Source of classification or shelving scheme | Universal Decimal Classification |
| 955 ## - Код типу видання за змістом | |
| Код типу видання за змістом (НП) | Літературно-художні видання |
| Стан вилучень | Стан втрат | Джерело класифікації або схеми стелажів | Стан уражень | Не для кредиту | Код колекції | Постійне місце розташування | Поточне розміщення | Дата придбання | Джерело придбання | Вартість, звичайна ціна покупки | Інвентарний номер | Усього замовленно | Повний номер виклику | Штрих-код | Дата останнього перегляду | Вартість, ціна заміни | Ціна ефективна від | Тип елемента Koha |
|---|---|---|---|---|---|---|---|---|---|---|---|---|---|---|---|---|---|---|
| Universal Decimal Classification | Колекція Шевчука Валерія | АБ - Абонемент НБ | АБ - Абонемент НБ | 11/05/2026 | Акт №24/28.04.2026 | 25.00 | 169927 | 82-94:929 М32 | 169927 | 11/05/2026 | 25.00 | 11/05/2026 | Книги |